Viimeisimpinä itsenäistyneet valtiot - Statistics

Yleistilastot
  • Tätä visaa on pelattu 1 102 kertaa
  • Keskiarvotulos 24 / 30
Vastaustilastot
Valtio % Oikein
Slovakia
95%
Tšekki
95%
Viro
95%
Latvia
94%
Liettua
94%
Serbia
92%
Kosovo
91%
Ukraina
91%
Kroatia
90%
Bosnia ja Hertsegovina
89%
Kazakstan
88%
Valko-Venäjä
88%
Montenegro
87%
Slovenia
87%
Etelä-Sudan
86%
Pohjois-Makedonia
85%
Georgia
84%
Armenia
83%
Uzbekistan
82%
Azerbaidžan
81%
Kirgisia
80%
Turkmenistan
80%
Moldova
79%
Tadžikistan
75%
Itä-Timor
70%
Eritrea
69%
Venäjä
68%
Namibia
50%
Jemen
15%
Palau
11%
Ehtoja vastaavia visoja ei löytynyt
Tulosjakauma
Jokaisen tuloksen saaneiden osuus
Persentiili vastausten määrän mukaan
Tuloshistoriasi
Et ole pelannut tätä visaa